000
00287nam a2200109Ia 4500
008
210430s9999 xx 000 0 und d
020
_a
9788186732519
082
_a
667.2 E359T
245
_a
Technology of Synthetic Dyes, Pigments & Intermediates
300
_a
605p.
942
_c
REF
_2
ddc
999
_c
565759
_d
565759